000
00306nam a22001217a 4500
008
170817b xxu||||| |||| 00| 0 eng d
041
_a
eng
080
_a
51
100
_a
36
101
_a
MAT
245
_a
DIFERENTIAL EQUATIONS WITH APPLICATIONS AND HISTORICAL NOTES
_c
SIMMONS.G.F
942
_2
udc
_c
BK
999
_c
24005
_d
24005